National Anthem of Finland - "Maamme" - Statistics

General Stats
  • This quiz has been taken 61 times
  • The average score is 37 of 72
Answer Stats
Answer % Correct
maamme,
100%
Oi
98%
Suomi,
98%
soi,
91%
Ei
85%
kultainen!
85%
sana
85%
synnyinmaa,
85%
ei
81%
ei
81%
kukkulaa,
81%
laaksoa,
81%
rakkaampaa,
79%
vettä
79%
rantaa
77%
isien!
74%
kallis
74%
kotimaa
74%
kuin
74%
maa
74%
tää
74%
pohjoinen,
72%
Ei
55%
ei
53%
ei
53%
kukkulaa,
53%
laaksoa,
53%
rakkaampaa,
53%
vettä
53%
isien!
51%
kallis
51%
kotimaa
51%
kuin
51%
maa
51%
pohjoinen,
51%
rantaa
51%
Sun
51%
tää
51%
kukoistukses
47%
kerrankin
40%
kuorestaan
40%
puhkeaa,
40%
saa.
36%
kaiun
34%
nousemaan
34%
riemus
34%
saa
34%
saa.
34%
sun
34%
viel
34%
ja
32%
kaiun
32%
lempemme
32%
loistossaan,
32%
synnyinmaa
32%
toivos,
32%
kerran,
30%
ja
28%
korkeemman
28%
nousemaan
28%
riemus
28%
saa
28%
sun
28%
synnyinmaa
28%
viel
28%
kerran,
26%
laulus
26%
lempemme
26%
loistossaan,
26%
toivos,
26%
korkeemman
23%
laulus
21%
No matching quizzes found
Score Distribution
Percent of People with Each Score
Percentile by Number Answered
Your Score History
You have not taken this quiz